Characterization of O6-Alkylguanine-Dana Alkyltransferase from Escherichia coli using synthetic oligodeoxynucleotides containing O6-methylguanine /
Saved in:
| Main Author: | |
|---|---|
| Format: | Thesis Book |
| Language: | English |
| Published: |
1991.
|
| Subjects: | |
| Tags: |
Add Tag
No Tags, Be the first to tag this record!
|
| LEADER | 00926cam a2200265 a 4500 | ||
|---|---|---|---|
| 001 | u334514 | ||
| 003 | SIRSI | ||
| 008 | 930920s1991 si v 00 1 eng m | ||
| 035 | |a ABP-9041 | ||
| 040 | |a UMM | ||
| 090 | |a QH467 |b Lee | ||
| 100 | 1 | 0 | |a Lee, Wai Chyn. |
| 245 | 1 | 0 | |a Characterization of O6-Alkylguanine-Dana Alkyltransferase from Escherichia coli using synthetic oligodeoxynucleotides containing O6-methylguanine / |c Lee Wai Chyn. |
| 260 | |c 1991. | ||
| 300 | |a 111, xxxi p. : |b ill. ; |c 30 cm. | ||
| 500 | |a `6' after `O' is in superscript. | ||
| 502 | |a Dissertation (M. Sc.) -- Natonal University of Singapore, 1991. | ||
| 504 | |a Bibliography: leaves 97-111. | ||
| 650 | 0 | |a DNA repair. | |
| 650 | 0 | |a Deoxyribonucleotides. | |
| 650 | 0 | |a Transferases. | |
| 650 | 0 | |a Escherichia coli |x Genetics | |
| 948 | |a 20/09/1993 |b 20/08/2002 | ||
| 596 | |a 1 | ||
| 999 | |a QH467 LEE |w LC |c 1 |i A504469552 |l STACKS |m P01UTAMA |r Y |s Y |t TESIS |u 29/10/1993 | ||
